[Event "Szekszard op"]
[Site "Szekszard"]
[Date "1997.??.??"]
[Round "5"]
[White "Szemzo, Lajos"]
[Black "Kaposztas, Miklos"]
[Result "1/2-1/2"]
[WhiteElo "2100"]
[BlackElo "2330"]
[PlyCount "85"]
[EventDate "1997.??.??"]
[EventType "swiss"]
[EventRounds "9"]
[EventCountry "HUN"]
[SourceTitle "EXT 2001"]
[Source "ChessBase"]
[SourceDate "2000.11.22"]
[SourceVersion "1"]
[SourceVersionDate "2000.11.22"]
[SourceQuality "1"]

1. e4 g6 2. d4 Bg7 3. Nf3 c5 4. Be2 cxd4 5. Nxd4 Nf6 6. Nc3 0-0 7. 0-0 d6 8. Be3 Nc6 9. h3 Bd7 10. Qd2 Qa5 11. Nb3 Qc7 12. f4 Be6 13. Nd5 Bxd5 14. exd5 Nb8 15. Bf3 Nbd7 16. Rae1 Rfe8 17. c3 a5 18. Nc1 a4 19. a3 Ra5 20. Bd4 Nxd5 21. Bxg7 Kxg7 22. Qd4+ N5f6 23. Nd3 e5 24. fxe5 dxe5 25. Qb4 b6 26. Re2 Nc5 27. Nf2 Nfd7 28. Be4 f5 29. Bc2 e4 30. Rd1 Nf6 31. Qd4 Re7 32. Qd6 Qb7 33. Rd4 Rd7 34. Qg3 Rxd4 35. cxd4 Ne6 36. Qd6 Kf7 37. Nd3 Nxd4 38. Qxd4 exd3 39. Bxd3 b5 40. Re5 Qd7 41. Qc3 b4 42. Qc4+ Rd5 43. axb4 1/2-1/2

[Event "Zalakaros op 15th"]
[Site "Zalakaros"]
[Date "1996.??.??"]
[Round "4"]
[White "Lakos, Nikoletta"]
[Black "Szemzo, Lajos"]
[Result "1-0"]
[WhiteElo "2225"]
[BlackElo "2105"]
[PlyCount "71"]
[EventDate "1996.??.??"]
[EventType "swiss"]
[EventRounds "9"]
[EventCountry "HUN"]
[SourceTitle "CBM 052 Extra"]
[Source "ChessBase"]
[SourceDate "1996.07.01"]
[SourceVersion "1"]
[SourceVersionDate "1996.07.01"]
[SourceQuality "1"]

1. e4 e6 2. d4 d5 3. Nd2 c5 4. Ngf3 Nc6 5. exd5 Qxd5 6. Bc4 Qd8 7. Nb3 cxd4 8. Nbxd4 Bd7 9. 0-0 Nf6 10. Nb5 a6 11. Nd6+ Bxd6 12. Qxd6 Ne7 13. Rd1 0-0 14. Bg5 Nf5 15. Bxf6 Nxd6 16. Bxd8 Nxc4 17. Be7 Bc6 18. Bxf8 Kxf8 19. b3 Nb6 20. Ne5 Be8 21. c4 f6 22. Nd3 Rc8 23. Re1 Kf7 24. Rad1 a5 25. Nf4 Bd7 26. Rd6 Rc6 27. Red1 Ke7 28. R6d2 a4 29. Ne2 axb3 30. axb3 Rc7 31. f4 g6 32. Nd4 h5 33. Re1 Kf7 34. Rde2 e5 35. fxe5 Bg4 36. Rf2 1-0

[Event "Zalakaros op 15th"]
[Site "Zalakaros"]
[Date "1996.??.??"]
[Round "9"]
[White "Szemzo, Lajos"]
[Black "Fasser, Walter"]
[Result "1/2-1/2"]
[WhiteElo "2105"]
[BlackElo "2030"]
[PlyCount "65"]
[EventDate "1996.??.??"]
[EventType "swiss"]
[EventRounds "9"]
[EventCountry "HUN"]
[SourceTitle "CBM 052 Extra"]
[Source "ChessBase"]
[SourceDate "1996.07.01"]
[SourceVersion "1"]
[SourceVersionDate "1996.07.01"]
[SourceQuality "1"]

1. e4 d6 2. d4 Nf6 3. Nc3 g6 4. h3 c6 5. Nf3 Bg7 6. Be3 0-0 7. Be2 b5 8. a3 Bb7 9. 0-0 Nbd7 10. Qd2 Qc7 11. Bh6 a6 12. Bxg7 Kxg7 13. Qe3 e5 14. dxe5 dxe5 15. Rfd1 Rfe8 16. Ne1 c5 17. f3 Nb6 18. Na2 c4 19. b3 Rac8 20. Rd2 Red8 21. Rad1 Rxd2 22. Rxd2 cxb3 23. cxb3 Qc5 24. Kf2 Kf8 25. Rd8+ Ke7 26. Rxc8 Qxe3+ 27. Kxe3 Bxc8 28. Nd3 Nfd7 29. h4 f6 30. g3 Kd6 31. Nc3 Nc5 32. Nxc5 Kxc5 33. f4 1/2-1/2